000 00825nam a2200253 a 4500
999 _c12288
_d12288
001 12288
003 BD-JhCC
005 20221013134023.0
008 210923b2021 bg a|||| ||a| 000 0 Ben d
020 _a9789849492900
035 _a(BD-JhCC)12288
040 _aBD-JhCC
_dBD-JhCC
041 _aBengali
082 _a170
_bBEG 2021
100 _aবেগ,খালিদ
245 _aফার্স্ট থিংস ফার্স্ট /
_cখালিদ বেগ, অনু: মুহাম্মদ আদম আলী।
260 _aঢাকা:
_bমাকতাবাতুল ফুরকান;
_c২০২১.
300 _a432 p. :
_bill;
_c22 cm.
650 _aCognation
650 _aEthics
700 _aআলী, মুহাম্মদ আদম
942 _2ddc
_cBK
_02